000 01352cam a2200385 a 4500
001 12467884
003 ARRUPE
005 20141007122106.0
008 010713s2000 nyub 000 1 eng d
010 _a 2001269943
020 _a0786708239
035 _a(OCoLC)ocm45702642
040 _aCWJ
_cCWJ
_dDPL
_dUMC
_dDLC
042 _alccopycat
043 _ae-it---
_ae-uk-en
050 0 0 _aPZ4.V637
_bM5
082 0 0 _a823/.92
_221
100 1 _aVickers, Salley.
_912092
245 1 0 _aMiss Garnet's angel /
_cSalley Vickers.
250 _a1st Carroll & Graf ed.
260 _aLondon :
_bHarperCollins ,
_c2000.
300 _a342 p. :
_bmap ;
_c22 cm.
600 0 0 _aTobias
_c(Biblical figure)
_vFiction.
_912093
650 0 _aBritish
_zItaly
_vFiction.
_912094
650 0 _aPainting, Renaissance
_xAppreciation
_vFiction.
_912095
650 0 _aSingle women
_vFiction.
_912096
650 0 _aChapels
_vFiction.
_912097
650 0 _aAngels
_vFiction.
_912098
651 0 _aVenice (Italy)
_vFiction.
_912099
655 7 _aPsychological fiction.
_2lcsh
_93218
856 4 2 _3Publisher description
_uhttp://www.loc.gov/catdir/enhancements/fy0833/2001269943-d.html
906 _a7
_bcbc
_ccopycat
_d2
_encip
_f20
_gy-gencatlg
942 _2lcc
_cMONOGRAPH
999 _c121098
_d121098